[Event "Leicester Atkins Memorial"]
[Site "Leicester"]
[Date "2014.11.30"]
[Round "5"]
[White "Potter, Karl"]
[Black "Price, Andrew"]
[Result "1-0"]
[WhiteElo "1901"]
[BlackElo "1830"]
[PlyCount "55"]
[EventDate "2014.11.28"]
[EventType "swiss"]
[EventRounds "5"]
[EventCountry "ENG"]
[SourceTitle "EXT 2023"]
[Source "ChessBase"]
[SourceDate "2022.10.05"]
[SourceVersion "1"]
[SourceVersionDate "2022.10.05"]
[SourceQuality "1"]

1. e4 e6 2. d4 d5 3. e5 c5 4. c3 Nc6 5. Nf3 Bd7 6. Be2 Qb6 7. 0-0 f6 8. Re1 cxd4 9. cxd4 fxe5 10. dxe5 Bc5 11. Rf1 0-0-0 12. Nc3 Nd4 13. a3 Nb3 14. Rb1 Ne7 15. Bf4 Rdf8 16. Bg3 Nf5 17. Bd3 Nxg3 18. hxg3 g5 19. Bc2 Nd4 20. b4 Nxf3+ 21. gxf3 Be7 22. Ba4 h5 23. Rc1 Kd8 24. Bxd7 Kxd7 25. Nxd5 exd5 26. Qxd5+ Bd6 27. exd6 Qxd6 28. Qxb7+ 1-0

[Event "Leicester Atkins Memorial"]
[Site "Leicester"]
[Date "2014.11.28"]
[Round "1"]
[White "Potter, Karl"]
[Black "Armstrong, Malcolm J"]
[Result "1/2-1/2"]
[WhiteElo "1901"]
[BlackElo "2095"]
[PlyCount "106"]
[EventDate "2014.11.28"]
[EventType "swiss"]
[EventRounds "5"]
[EventCountry "ENG"]
[SourceTitle "EXT 2023"]
[Source "ChessBase"]
[SourceDate "2022.10.05"]
[SourceVersion "1"]
[SourceVersionDate "2022.10.05"]
[SourceQuality "1"]

1. e4 c6 2. d4 d5 3. e5 c5 4. dxc5 e6 5. Be3 Nc6 6. Bb5 Nge7 7. c3 Bd7 8. Bxc6 Nxc6 9. f4 f6 10. Nf3 fxe5 11. fxe5 Qc7 12. Bd4 Nxd4 13. Qxd4 Qxc5 14. Qxc5 Bxc5 15. Nbd2 0-0 16. Nb3 Bb6 17. Nbd4 h6 18. 0-0-0 Rf4 19. g3 Rf7 20. Rhf1 Raf8 21. Nd2 Rf2 22. Rxf2 Rxf2 23. Rh1 Bd8 24. N2f3 g5 25. g4 Be7 26. Rd1 Rg2 27. Rg1 Rf2 28. Rd1 Ba4 29. Re1 Kf7 30. Re2 Rf1+ 31. Re1 Rf2 32. Re2 Rf1+ 33. Re1 Rxe1+ 34. Nxe1 Bd8 35. Kd2 Bc7 36. Nef3 Ke7 37. b3 Be8 38. Ke3 Bg6 39. a3 a6 40. b4 Be4 41. Kd2 Kd7 42. Ke3 Bb6 43. Ke2 a5 44. Kd2 axb4 45. axb4 Bd8 46. Ke3 Bg6 47. Kf2 Be4 48. Ke3 Bb6 49. Ke2 Ba7 50. Kd2 Bb6 51. Ke2 Bb1 52. Kd2 Be4 53. Ke2 Bc7 1/2-1/2

[Event "Sunningdale e2e4 U2200 op 04"]
[Site "Sunningdale"]
[Date "2014.04.18"]
[Round "2"]
[White "Potter, Karl"]
[Black "Frith, Shane S"]
[Result "1/2-1/2"]
[WhiteElo "1911"]
[BlackElo "1683"]
[PlyCount "44"]
[EventDate "2014.04.17"]
[EventType "swiss"]
[EventRounds "7"]
[EventCountry "ENG"]
[SourceTitle "EXT 2015"]
[Source "ChessBase"]
[SourceDate "2014.11.20"]
[SourceVersion "1"]
[SourceVersionDate "2014.11.20"]
[SourceQuality "1"]

1. e4 e5 2. Nf3 Nc6 3. Bb5 a6 4. Bxc6 dxc6 5. 0-0 Bg4 6. h3 h5 7. d3 Qf6 8. Nbd2 g5 9. Nc4 Bxf3 10. Qxf3 Qxf3 11. gxf3 f6 12. Be3 0-0-0 13. Rad1 Rh7 14. Bc1 Rhd7 15. Ne3 Nh6 16. Kh2 Bc5 17. b3 Bxe3 18. Bxe3 h4 19. Rd2 Ng8 20. Rfd1 Ne7 21. c3 Ng6 22. d4 Nf4 1/2-1/2

[Event "Leicester Atkins Memorial"]
[Site "Leicester"]
[Date "2013.11.30"]
[Round "3"]
[White "Potter, Karl"]
[Black "Byron, Alan M"]
[Result "1/2-1/2"]
[WhiteElo "1906"]
[BlackElo "2148"]
[PlyCount "62"]
[EventDate "2013.11.29"]
[EventType "swiss"]
[EventRounds "5"]
[EventCountry "ENG"]
[SourceTitle "EXT 2023"]
[Source "ChessBase"]
[SourceDate "2022.10.05"]
[SourceVersion "1"]
[SourceVersionDate "2022.10.05"]
[SourceQuality "1"]

1. e4 c5 2. Nf3 Nc6 3. d4 cxd4 4. Nxd4 g6 5. Be3 Bg7 6. c4 Nf6 7. Nc3 Ng4 8. Qxg4 Nxd4 9. Qd1 Nc6 10. Qd2 d6 11. Be2 Be6 12. Rc1 Rc8 13. b3 Qa5 14. 0-0 0-0 15. Rfd1 Rfd8 16. Nd5 Qxd2 17. Rxd2 Kf8 18. Rcd1 b6 19. f3 Ne5 20. h3 Nd7 21. Kf2 Nc5 22. Bd4 Bxd5 23. Bxg7+ Kxg7 24. exd5 a5 25. h4 Rc7 26. g4 h6 27. Rd4 g5 28. hxg5 hxg5 29. Rh1 Rh8 30. Rdd1 Rcc8 31. Ke3 Rxh1 1/2-1/2

[Event "Leicester Atkins Memorial"]
[Site "Leicester"]
[Date "2013.11.29"]
[Round "1"]
[White "Potter, Karl"]
[Black "Jaunooby, Ali Reza"]
[Result "0-1"]
[WhiteElo "1906"]
[BlackElo "2146"]
[PlyCount "96"]
[EventDate "2013.11.29"]
[EventType "swiss"]
[EventRounds "5"]
[EventCountry "ENG"]
[SourceTitle "EXT 2023"]
[Source "ChessBase"]
[SourceDate "2022.10.05"]
[SourceVersion "1"]
[SourceVersionDate "2022.10.05"]
[SourceQuality "1"]

1. e4 d6 2. d4 Nf6 3. Nc3 g6 4. f4 Bg7 5. Nf3 0-0 6. Bd3 Na6 7. 0-0 c5 8. e5 Nd7 9. Be3 cxd4 10. Bxd4 dxe5 11. fxe5 Nxe5 12. Bxe5 Bxe5 13. Nxe5 Qd4+ 14. Kh1 Qxe5 15. Re1 Qg5 16. Qe2 Be6 17. Bxa6 bxa6 18. Qe5 Qxe5 19. Rxe5 Rab8 20. Na4 Rfd8 21. b3 Rd2 22. c4 Rbd8 23. h3 Rc2 24. Nc5 Bf5 25. Rxe7 h5 26. Nxa6 Rdd2 27. Nb4 Rb2 28. Re3 Rxg2 29. Nd5 Rh2+ 30. Kg1 Rbg2+ 31. Kf1 Rg5 32. Ne7+ Kh7 33. Nxf5 Rh1+ 34. Ke2 Rxa1 35. Nd6 Rxa2+ 36. Kd3 Kg7 37. Rf3 f5 38. Kd4 h4 39. Rf4 Rg3 40. b4 Rd2+ 41. Kc5 Rxh3 42. Nb5 Rd7 43. Kc6 Re7 44. Nc7 Re4 45. Rxe4 fxe4 46. Kd5 e3 47. Ne6+ Kf6 48. Nd4 Rh2 0-1

[Event "Bedford e2e4 U2000"]
[Site "Bedford"]
[Date "2013.09.21"]
[Round "2"]
[White "O'Gorman, Brendan"]
[Black "Potter, Karl"]
[Result "1-0"]
[WhiteElo "1798"]
[BlackElo "1900"]
[PlyCount "59"]
[EventDate "2013.09.20"]
[EventType "swiss"]
[EventRounds "5"]
[EventCountry "ENG"]
[SourceTitle "EXT 2023"]
[Source "ChessBase"]
[SourceDate "2022.10.05"]
[SourceVersion "1"]
[SourceVersionDate "2022.10.05"]
[SourceQuality "1"]

1. c4 e6 2. Nf3 d5 3. g3 c6 4. Qc2 Nf6 5. Bg2 Nbd7 6. d4 Be7 7. 0-0 0-0 8. Nbd2 b6 9. e4 Nxe4 10. Nxe4 dxe4 11. Qxe4 Bb7 12. Rd1 Nf6 13. Qc2 Qc7 14. Bf4 Bd6 15. Bxd6 Qxd6 16. Ne5 Rac8 17. Rac1 Qc7 18. b4 c5 19. Bxb7 Qxb7 20. dxc5 bxc5 21. b5 Rfd8 22. Nc6 Rd7 23. Rxd7 Qxd7 24. Rd1 Qc7 25. Qd3 g6 26. Qe3 Kg7 27. Qxc5 Ne8 28. Qd4+ Nf6 29. Rd3 Qb6 30. Nxa7 1-0

[Event "Coventry e2e4 U1950 op"]
[Site "Coventry"]
[Date "2013.08.25"]
[Round "5"]
[White "Lewis, Christopher"]
[Black "Potter, Karl"]
[Result "1/2-1/2"]
[WhiteElo "1768"]
[BlackElo "1915"]
[PlyCount "51"]
[EventDate "2013.08.23"]
[EventType "swiss"]
[EventRounds "7"]
[EventCountry "ENG"]
[SourceTitle "EXT 2015"]
[Source "ChessBase"]
[SourceDate "2014.11.20"]
[SourceVersion "1"]
[SourceVersionDate "2014.11.20"]
[SourceQuality "1"]

1. e4 e6 2. f4 d5 3. e5 c5 4. Nf3 Nc6 5. b3 Nge7 6. Bb2 Bd7 7. Be2 Nf5 8. 0-0 Be7 9. Nc3 a6 10. Qe1 Rc8 11. Nd1 Nb4 12. Bd3 Nxd3 13. cxd3 0-0 14. g4 Nh4 15. g5 Nf5 16. Ne3 d4 17. Ng4 h5 18. Nf2 g6 19. Ne4 Kg7 20. Qe2 b5 21. Rfc1 a5 22. a4 b4 23. Qd1 Qb6 24. Kf2 Bc6 25. Rab1 Bd5 26. Ba1 1/2-1/2

[Event "Leicestershire County-ch"]
[Site "Leicester"]
[Date "2013.08.09"]
[Round "5"]
[White "Potter, Karl"]
[Black "Byron, Alan M"]
[Result "0-1"]
[WhiteElo "1923"]
[BlackElo "2160"]
[PlyCount "134"]
[EventDate "2013.05.09"]
[EventType "swiss"]
[EventRounds "6"]
[EventCountry "ENG"]
[SourceTitle "EXT 2019"]
[Source "ChessBase"]
[SourceDate "2018.10.10"]
[SourceVersion "1"]
[SourceVersionDate "2018.10.10"]
[SourceQuality "1"]

1. e4 c5 2. Nf3 Nc6 3. d4 cxd4 4. Nxd4 g6 5. Nc3 Bg7 6. Be3 Nf6 7. Nxc6 bxc6 8. e5 Ng8 9. f4 Nh6 10. Qd2 0-0 11. 0-0-0 d6 12. exd6 exd6 13. Bd4 Bxd4 14. Qxd4 Nf5 15. Qd2 d5 16. g4 Nd6 17. h3 Rb8 18. Qd4 Qb6 19. Qxb6 axb6 20. Bd3 f5 21. g5 Re8 22. Rde1 Bd7 23. Nd1 Ra8 24. a3 Ra4 25. Rxe8+ Nxe8 26. Rf1 Nc7 27. Nc3 Ra8 28. Kd2 Ne6 29. Ne2 c5 30. c3 Kg7 31. Rf3 Bc6 32. Rf2 Rd8 33. Bc2 h6 34. gxh6+ Kxh6 35. Nc1 d4 36. c4 Kg7 37. Nd3 Rh8 38. Ne5 Be8 39. Rf3 Kf6 40. Rb3 Nxf4 41. Nd3 Nxd3 42. Rxb6+ Ke5 43. Bxd3 Rxh3 44. Rb8 Rh2+ 45. Kc1 Bc6 46. Rc8 Kd6 47. Rg8 Rg2 48. b4 Be4 49. bxc5+ Kxc5 50. Rc8+ Kd6 51. Rd8+ Ke5 52. Bxe4 Kxe4 53. c5 Rg3 54. Re8+ Kd5 55. Rd8+ Kxc5 56. Rc8+ Kd5 57. Rd8+ Ke4 58. Re8+ Kd3 59. a4 Rg2 60. a5 Ra2 61. Re6 Ra1+ 62. Kb2 Rxa5 63. Rxg6 f4 64. Rf6 Kd2 65. Rxf4 Rb5+ 66. Ka3 d3 67. Rd4 Kc3 0-1

[Event "Leicestershire County-ch"]
[Site "Leicester"]
[Date "2013.06.04"]
[Round "2"]
[White "Horspool, Philip"]
[Black "Potter, Karl"]
[Result "0-1"]
[WhiteElo "2003"]
[BlackElo "1923"]
[PlyCount "94"]
[EventDate "2013.05.09"]
[EventType "swiss"]
[EventRounds "6"]
[EventCountry "ENG"]
[SourceTitle "EXT 2019"]
[Source "ChessBase"]
[SourceDate "2018.10.10"]
[SourceVersion "1"]
[SourceVersionDate "2018.10.10"]
[SourceQuality "1"]

1. e4 e6 2. Qe2 c5 3. g3 Nc6 4. Nf3 Be7 5. Bg2 Nf6 6. d3 0-0 7. 0-0 d5 8. c3 Qc7 9. e5 Nd7 10. Re1 b6 11. Bf4 Bb7 12. Nbd2 Rac8 13. Nf1 Rfd8 14. h4 Nf8 15. Rad1 Ng6 16. Bc1 Bf8 17. N1h2 Nge7 18. Bh3 b5 19. Bg5 h6 20. Bc1 b4 21. g4 g6 22. Bf4 bxc3 23. bxc3 Qa5 24. Rb1 Ba6 25. Qd2 d4 26. Bxh6 dxc3 27. Qf4 Nd5 28. Qc1 Bg7 29. Bxg7 Kxg7 30. h5 Ncb4 31. hxg6 fxg6 32. Qg5 Nxd3 33. Red1 N3f4 34. Bf1 c2 35. Rxd5 Nxd5 36. Rc1 Bxf1 37. Nxf1 Qa3 38. Nh4 Qd3 39. Ng3 Kf7 40. Ngf5 gxf5 41. Qg6+ Kf8 42. gxf5 Rc7 43. Qxe6 Qd1+ 44. Kh2 Rh7 45. Kg3 Rxh4 46. Kxh4 Qxc1 47. Qh6+ Qxh6+ 0-1

[Event "Hinckley e2e4 Major op"]
[Site "Hinckley Island"]
[Date "2012.08.27"]
[Round "6"]
[White "Potter, Karl"]
[Black "Burch, Jonathan G"]
[Result "1-0"]
[WhiteElo "1903"]
[BlackElo "1832"]
[PlyCount "39"]
[EventDate "2012.08.24"]
[EventType "swiss"]
[EventRounds "7"]
[EventCountry "ENG"]
[SourceTitle "EXT 2014"]
[Source "ChessBase"]
[SourceDate "2013.11.20"]
[SourceVersion "1"]
[SourceVersionDate "2013.11.20"]
[SourceQuality "1"]

1. e4 d5 2. exd5 Qxd5 3. Nc3 Qa5 4. d4 Nf6 5. Nf3 Bg4 6. h3 Bh5 7. g4 Bg6 8. Ne5 Nbd7 9. Nc4 Qa6 10. Bf4 Qe6+ 11. Ne3 Nb6 12. Bxc7 a6 13. d5 Nbxd5 14. Ncxd5 Nxd5 15. Qxd5 Qxd5 16. Nxd5 Be4 17. Nb6 Bxh1 18. Nxa8 b5 19. 0-0-0 f6 20. Bxb5+ 1-0

[Event "Buxton e2e4 Major op 06"]
[Site "Buxton"]
[Date "2012.07.01"]
[Round "5"]
[White "Potter, Karl"]
[Black "Camp, Imogen AL"]
[Result "0-1"]
[WhiteElo "1918"]
[BlackElo "1438"]
[PlyCount "44"]
[EventDate "2012.06.29"]
[EventType "swiss"]
[EventRounds "5"]
[EventCountry "ENG"]
[SourceTitle "EXT 2014"]
[Source "ChessBase"]
[SourceDate "2013.11.20"]
[SourceVersion "1"]
[SourceVersionDate "2013.11.20"]
[SourceQuality "1"]

1. e4 e5 2. Nf3 Nc6 3. Bb5 Nf6 4. 0-0 Be7 5. Bxc6 dxc6 6. Nxe5 Nxe4 7. Qe2 Nf6 8. d3 0-0 9. Be3 Re8 10. h3 Nd5 11. Qf3 Bf6 12. d4 Bxe5 13. dxe5 Rxe5 14. Rd1 Qe7 15. Nc3 Nxe3 16. fxe3 Rxe3 17. Rd8+ Qxd8 18. Qxe3 Bf5 19. Ne4 Qe7 20. Re1 h6 21. c3 Kf8 22. Qc5 Re8 0-1

[Event "Uxbridge A2Bmedialtd.com-F"]
[Site "Uxbridge"]
[Date "2009.08.15"]
[Round "6"]
[White "Potter, Karl"]
[Black "Newell, David F"]
[Result "1/2-1/2"]
[WhiteElo "1894"]
[BlackElo "1883"]
[PlyCount "24"]
[EventDate "2009.08.12"]
[EventType "tourn"]
[EventRounds "9"]
[EventCountry "ENG"]
[SourceTitle "EXT 2012"]
[Source "ChessBase"]
[SourceDate "2011.11.24"]
[SourceVersion "1"]
[SourceVersionDate "2011.11.24"]
[SourceQuality "1"]

1. e4 c5 2. Nf3 Nc6 3. d4 cxd4 4. Nxd4 g6 5. Nc3 Bg7 6. Be3 Nf6 7. Nxc6 bxc6 8. e5 Ng8 9. f4 d5 10. exd6 exd6 11. Bc4 d5 12. Nxd5 cxd5 1/2-1/2

[Event "Leicester"]
[Site "Lutterworth"]
[Date "2009.06.20"]
[Round "3"]
[White "Potter, Karl"]
[Black "Padilla Cabero, Pablo"]
[Result "1/2-1/2"]
[WhiteElo "1894"]
[BlackElo "2168"]
[PlyCount "72"]
[EventDate "2009.06.19"]
[EventType "tourn"]
[EventRounds "7"]
[EventCountry "ENG"]
[SourceTitle "CBM 131 Extra"]
[Source "ChessBase"]
[SourceDate "2009.09.03"]
[SourceVersion "2"]
[SourceVersionDate "2009.09.16"]
[SourceQuality "1"]

1. e4 Nf6 2. e5 Nd5 3. d4 c5 4. c4 Nb4 5. d5 d6 6. a3 Qa5 7. Bd2 Bf5 8. Bxb4 cxb4 9. Nd2 dxe5 10. Ngf3 e6 11. axb4 Qxb4 12. Nxe5 Qxb2 13. Qa4+ b5 14. Qxb5+ Qxb5 15. cxb5 Nd7 16. Nxd7 Kxd7 17. Bc4 Bb4 18. dxe6+ fxe6 19. Ke2 Rhc8 20. Rhc1 Rc7 21. b6 Rc5 22. Rxa7+ Rxa7 23. bxa7 Re5+ 24. Kd1 Ra5 25. Nb3 Rxa7 26. Nd4 Be7 27. Bb5+ Kd6 28. Nxf5+ exf5 29. f4 Kd5 30. Bd3 g6 31. Ke2 Bc5 32. Rd1 Bd4 33. h3 Ra2+ 34. Kf3 Rf2+ 35. Kg3 Rb2 36. Kf3 Rf2+ 1/2-1/2

[Event "Leicester"]
[Site "Lutterworth"]
[Date "2009.06.19"]
[Round "1"]
[White "Byron, Alan M"]
[Black "Potter, Karl"]
[Result "1/2-1/2"]
[WhiteElo "2168"]
[BlackElo "1894"]
[PlyCount "169"]
[EventDate "2009.06.19"]
[EventType "tourn"]
[EventRounds "7"]
[EventCountry "ENG"]
[SourceTitle "CBM 131 Extra"]
[Source "ChessBase"]
[SourceDate "2009.09.03"]
[SourceVersion "2"]
[SourceVersionDate "2009.09.16"]
[SourceQuality "1"]

1. c4 e6 2. d4 d5 3. Nf3 c6 4. e3 Nf6 5. Nc3 Nbd7 6. Be2 Bd6 7. 0-0 0-0 8. Qc2 dxc4 9. Bxc4 b5 10. Bd3 Bb7 11. a4 b4 12. Ne4 Nxe4 13. Bxe4 Nf6 14. b3 a5 15. Bb2 Rc8 16. Rfd1 Qe7 17. Bd3 h6 18. e4 Bb8 19. Qc5 Qxc5 20. dxc5 Nd7 21. Bd4 e5 22. Be3 Rcd8 23. Nh4 Rfe8 24. Nf5 Nf8 25. Bc4 Bc7 26. Nd6 Bxd6 27. cxd6 Nd7 28. f3 Ra8 29. Rac1 Rec8 30. Rd2 Ba6 31. Kf2 Bxc4 32. Rxc4 f6 33. g3 Kf7 34. f4 Ke6 35. f5+ Kf7 36. g4 Ra6 37. h4 g5 38. fxg6+ Kxg6 39. Rc1 Rh8 40. Rdc2 Rc8 41. Rd2 Rh8 42. Kf3 Rf8 43. Rdc2 Rc8 44. Rd2 Rf8 45. Rg1 Kh7 46. Ke2 Rg8 47. Ke1 c5 48. g5 fxg5 49. hxg5 h5 50. Rf1 Kg6 51. Rd5 Rc6 52. Ke2 c4 53. Rxa5 cxb3 54. Rb5 Rxd6 55. Rxb4 Rc8 56. Rxb3 Rc2+ 57. Kf3 Ra2 58. Rc1 Rxa4 59. Rc8 Rd1 60. Rd8 Rf1+ 61. Ke2 Rf7 62. Rb7 Ra2+ 63. Ke1 Ra1+ 64. Ke2 Ra2+ 65. Bd2 Nc5 66. Rb5 Nxe4 67. Rxe5 Rxd2+ 68. Rxd2 Nxd2 69. Kxd2 h4 70. Re1 Kxg5 71. Rg1+ Kh5 72. Ke2 h3 73. Rg8 Rf6 74. Rh8+ Kg4 75. Rg8+ Kh4 76. Rh8+ Kg3 77. Rg8+ Kh2 78. Rg7 Kh1 79. Rg8 h2 80. Rg7 Ra6 81. Kf2 Ra2+ 82. Kf3 Ra1 83. Kf2 Rg1 84. Ra7 Rg2+ 85. Kf3 1/2-1/2

[Event "Leicestershire-ch"]
[Site "Littlethorpe"]
[Date "2008.10.20"]
[Round "6"]
[White "Wylie, Steve"]
[Black "Potter, Karl"]
[Result "1/2-1/2"]
[WhiteElo "1656"]
[BlackElo "1616"]
[PlyCount "29"]
[EventDate "2008.05.27"]
[EventType "swiss"]
[EventRounds "6"]
[EventCountry "ENG"]
[SourceTitle "EXT 2011"]
[Source "ChessBase"]
[SourceDate "2010.11.26"]
[SourceVersion "1"]
[SourceVersionDate "2010.11.26"]
[SourceQuality "1"]

1. d4 d5 2. Nf3 e6 3. Bf4 Bd6 4. Ne5 Nf6 5. e3 Nbd7 6. Nd2 Nf8 7. c4 Ng6 8. Nxg6 hxg6 9. Bg5 c6 10. Be2 Qc7 11. c5 Be7 12. Bf4 Qd8 13. Qc2 Nh5 14. Be5 Nf6 15. h3 1/2-1/2

[Event "Leicestershire-ch"]
[Site "Littlethorpe"]
[Date "2008.08.26"]
[Round "4"]
[White "Tate, Michael J"]
[Black "Potter, Karl"]
[Result "1/2-1/2"]
[WhiteElo "1648"]
[BlackElo "1616"]
[PlyCount "111"]
[EventDate "2008.05.27"]
[EventType "swiss"]
[EventRounds "6"]
[EventCountry "ENG"]
[SourceTitle "EXT 2011"]
[Source "ChessBase"]
[SourceDate "2010.11.26"]
[SourceVersion "1"]
[SourceVersionDate "2010.11.26"]
[SourceQuality "1"]

1. e4 e6 2. Nf3 d5 3. exd5 exd5 4. d4 Bd6 5. Be3 Nf6 6. c4 dxc4 7. Bxc4 c6 8. 0-0 0-0 9. Qd3 Bg4 10. Nbd2 Bh5 11. Rac1 Bg6 12. Qb3 Qb6 13. Qc3 Qb4 14. a3 Qxc3 15. Rxc3 Nbd7 16. Bb3 Nb6 17. Ne5 Bxe5 18. dxe5 Nfd5 19. Bxd5 Nxd5 20. Rb3 Nxe3 21. Rxe3 Rad8 22. Ne4 Bxe4 23. Rxe4 Rd2 24. b4 Rfd8 25. g3 Ra2 26. Re3 Rdd2 27. Kg2 g6 28. h4 h5 29. Kf3 b6 30. Rc3 c5 31. bxc5 bxc5 32. Ke4 Rd4+ 33. Kf3 c4 34. Re1 Rd3+ 35. Re3 Rdd2 36. Rxc4 Rxf2+ 37. Ke4 Rfd2 38. Rc7 a5 39. Rc5 Rd8 40. Rxa5 Re8 41. Kf3 Rd8 42. Ra6 Rd4 43. e6 fxe6 44. Raxe6 Kg7 45. R6e4 Rd5 46. Ra4 Kf6 47. Ra6+ Kf5 48. Ra4 Kf6 49. Ra6+ Kf5 50. Ra8 Kf6 51. Ra4 Kf7 52. Ke4 Rd7 53. Ra6 Re7+ 54. Kf3 Rd7 55. Kf4 Kg7 56. Ke4 1/2-1/2